Vágujhelyi vásár

Zobrazenie: Pohľad v bielom orámovaní na námestie plné stánkov s trhovníkmi vpravo vpozadí aj s konskými povozmi. Vľavo je rad budov, aj v pozadí je rad budov

Bibliographic Details
Format: Postcard
Language:Hungarian
German
PhysicalDescription:1 pohľadnica kolorovaná 10 x 15 cm
Published: Vágujhely Horovitz Adolf [1901?]
Subjects:

MARC

LEADER 00000ckm a2200000 a 4500
001 vtls011613252
003 SK-MaSNL
005 20260512122222.0
007 kp ho
008 230706q1901 xo g kuhun
015 |a SNBG1901 
035 |a urn:nbn:sk:snk-km00ea3z 
035 |a urn:nbn:sk:snk-km43h28 
035 |a C635824C-FE06-47ED-B6AD-3437063236D7 
040 |a SNK  |b slo  |c SNK  |e AACR2 
041 0 |a hun  |a ger 
043 |a e-xo--- 
044 |a xo  |c SK 
072 7 |a 913  |x Regionálna geografia  |2 konspekt 
080 |a 339.13  |2 2011 
080 |a 913(437.6)  |2 2011 
080 |a 94(084.121)  |2 2011 
245 0 0 |a Vágujhelyi vásár  |h grafika 
246 3 1 |a Waag-Neustadtler Jahrmarkt 
260 |a Vágujhely  |b Horovitz Adolf  |c [1901?] 
300 |a 1 pohľadnica  |b kolorovaná  |c 10 x 15 cm 
500 |a Názvové údaje prevzaté z obrazovej časti pohľadnice 
520 8 |a Zobrazenie: Pohľad v bielom orámovaní na námestie plné stánkov s trhovníkmi vpravo vpozadí aj s konskými povozmi. Vľavo je rad budov, aj v pozadí je rad budov 
546 |a Súbežný názov v nem. 
650 0 7 |a trhy  |2 SNKPH  |9 2373 
651 7 |a Nové Mesto nad Váhom (Slovensko)  |2 SNKPHgeo  |9 28941 
655 7 |a miestne pohľadnice  |2 SNKPH  |9 70510 
655 7 |a historické pohľadnice  |2 SNKPH  |9 159703 
752 |a Slovensko  |d Nové Mesto nad Váhom 
852 |a Slovenská národná knižnica 
958 |a GBN 
958 |a ONDV 
958 |a GC 
999 |c 591217  |d 593147 
952 |a SNK  |b SNK  |y PREZ  |7 0  |p 17A1220782  |o snkSP 18572  |z Pohľadnica prešla poštou.  |0 0  |1 0  |4 0  |d 2017-02-23  |f 1  |l 0  |r 2026-02-23 15:24:22  |w 2026-02-23